00358nam a2200145Ia 4500008004100000020001800041041000800059082001700067100002000084245004300104250001100147260002600158300000900184650001900193251222s2022 xx 000 0 und d a9780323848398 aeng a615.8072 HER aHerbert, Robert aPractical evidence-based physiotherapy a3rd ed aIndiabElsevierc2022 a166p aPhysiotheraphy